Women leaders - Statistics

General Stats
  • This quiz has been taken 22 times
    9 since last reset
  • The average score is 7 of 25
Answer Stats
Hint Answer % Correct
This Egyptian queen liked bathing in donkey's milk Cleopatra
100%
Queen of the Celtic Iceni tribe Boudica
78%
The first official and crowned queen regnant of England Mary I
78%
Of Iceland
44%
The first woman First Minister of Scotland Nicola Sturgeon
44%
The first woman prime minister of Ukraine, famous for her braids Yulia Tymoshenko
44%
Of Argentina
33%
The world's first woman president Isabel Martínez de Perón
33%
The only woman ruler of the Habsburg Dominions Maria Theresa
33%
The world's first woman prime minister Sirimavo Bandaranaike
33%
Of Sri Lanka
33%
The only woman emperor of China Wu Zetian
33%
Whereas this Hungarian countess supposedly preferred bathing in the blood of virgin girls Elizabeth Báthory
22%
The world's first non royal woman head of state Khertek Anchimaa-Toka
22%
The only woman pope, according to popular legend Pope Joan
22%
The world's first democratically elected woman president Vigdís Finnbogadóttir
22%
Of Tannu-Tuva
11%
The only woman king of Judah Athaliah
0%
Of Central African Republic
0%
The first woman prime minister of an African country Elisabeth Domitien
0%
This country has had more women leaders than any other San Marino
0%
The first woman pharaoh of Ancient Egypt Sobekneferu
0%
The first Empres Regnant of Japan Suiko
0%
The only woman Malietoa in Samoan history Taia'opo
0%
The first woman king of Georgia Tamar the Great
0%
No matching quizzes found
Score Distribution
Percent of People with Each Score
Percentile by Number Answered
Your Score History
You have not taken this quiz since the last reset